Pokémon - Talent (2) - Statistiques

Statistiques générales
  • Ce quiz a été pris 56 fois
  • Le résultat moyen est 58 sur 90
Statistiques - réponses
Question Tuile Select % Correct
Quels sont les Pokémon possédant le talent Crachin ? Non
96%
Quels sont les Pokémon possédant le talent Crachin ? Non
96%
Quels sont les Pokémon possédant le talent Crachin ? Non
96%
Quels sont les Pokémon possédant le talent Crachin ? Non
96%
Quels sont les Pokémon possédant le talent Crachin ? Oui
94%
Quels sont les Pokémon possédant le talent Crachin ? Oui
94%
Quels sont les Pokémon possédant le talent Crachin ? Oui
91%
Quels sont les Pokémon possédant le talent Peau Dure ? Non
89%
Quels sont les Pokémon possédant le talent Peau Dure ? Oui
89%
Quel est le Pokémon possédant le talent Cherche Miel ? Non
89%
Quels sont les Pokémon possédant le talent Peau Dure ? Non
87%
Quels sont les Pokémon possédant le talent Peau Dure ? Oui
87%
Quels sont les Pokémon possédant le talent Peau Dure ? Non
87%
Quel est le Pokémon possédant le talent Cherche Miel ? Non
87%
Quels sont les Pokémon possédant le talent Fouille ? Non
87%
Quels sont les Pokémon possédant le talent Crachin ? Non
85%
Quels sont les Pokémon possédant le talent Matinal ? Non
85%
Quels sont les Pokémon possédant le talent Peau Dure ? Non
85%
Quels sont les Pokémon possédant le talent Ignifugé ? Non
81%
Quels sont les Pokémon possédant le talent Acharné ? Non
81%
Quels sont les Pokémon possédant le talent Acharné ? Non
81%
Quels sont les Pokémon possédant le talent Intimidation ? Oui
79%
Quel est le Pokémon possédant le talent Cherche Miel ? Non
79%
Quels sont les Pokémon possédant le talent Fouille ? Non
79%
Quels sont les Pokémon possédant le talent Acharné ? Non
79%
Quels sont les Pokémon possédant le talent Heavy Metal ? Non
79%
Quels sont les Pokémon possédant le talent Ignifugé ? Non
77%
Quels sont les Pokémon possédant le talent Ignifugé ? Non
77%
Quels sont les Pokémon possédant le talent Gloutonnerie ? Non
77%
Quels sont les Pokémon possédant le talent Peau Dure ? Non
74%
Quels sont les Pokémon possédant le talent Acharné ? Oui
74%
Quels sont les Pokémon possédant le talent Acharné ? Non
74%
Quels sont les Pokémon possédant le talent Intimidation ? Oui
72%
Quels sont les Pokémon possédant le talent Intimidation ? Oui
72%
Quels sont les Pokémon possédant le talent Matinal ? Non
72%
Quels sont les Pokémon possédant le talent Peau Dure ? Non
72%
Quel est le Pokémon possédant le talent Cherche Miel ? Oui
72%
Quels sont les Pokémon possédant le talent Ignifugé ? Non
72%
Quels sont les Pokémon possédant le talent Acharné ? Non
72%
Quels sont les Pokémon possédant le talent Intimidation ? Oui
70%
Quels sont les Pokémon possédant le talent Peau Dure ? Oui
70%
Quel est le Pokémon possédant le talent Cherche Miel ? Non
70%
Quels sont les Pokémon possédant le talent Matinal ? Non
68%
Quels sont les Pokémon possédant le talent Ignifugé ? Oui
68%
Quels sont les Pokémon possédant le talent Ignifugé ? Non
68%
Quels sont les Pokémon possédant le talent Gloutonnerie ? Non
68%
Quels sont les Pokémon possédant le talent Gloutonnerie ? Oui
68%
Quels sont les Pokémon possédant le talent Gloutonnerie ? Oui
68%
Quels sont les Pokémon possédant le talent Crachin ? Non
66%
Quels sont les Pokémon possédant le talent Ignifugé ? Non
66%
Quels sont les Pokémon possédant le talent Gloutonnerie ? Oui
66%
Quels sont les Pokémon possédant le talent Heavy Metal ? Non
66%
Quels sont les Pokémon possédant le talent Heavy Metal ? Oui
66%
Quels sont les Pokémon possédant le talent Intimidation ? Oui
64%
Quels sont les Pokémon possédant le talent Matinal ? Non
64%
Quels sont les Pokémon possédant le talent Matinal ? Oui
64%
Quel est le Pokémon possédant le talent Cherche Miel ? Non
64%
Quel est le Pokémon possédant le talent Cherche Miel ? Non
62%
Quels sont les Pokémon possédant le talent Intimidation ? Oui
57%
Quels sont les Pokémon possédant le talent Intimidation ? Oui
57%
Quels sont les Pokémon possédant le talent Fouille ? Non
57%
Quels sont les Pokémon possédant le talent Matinal ? Oui
55%
Quels sont les Pokémon possédant le talent Fouille ? Oui
55%
Quels sont les Pokémon possédant le talent Intimidation ? Oui
51%
Quel est le Pokémon possédant le talent Cherche Miel ? Non
51%
Quels sont les Pokémon possédant le talent Fouille ? Oui
51%
Quels sont les Pokémon possédant le talent Gloutonnerie ? Oui
51%
Quels sont les Pokémon possédant le talent Matinal ? Oui
49%
Quels sont les Pokémon possédant le talent Matinal ? Non
49%
Quels sont les Pokémon possédant le talent Fouille ? Oui
49%
Quels sont les Pokémon possédant le talent Heavy Metal ? Non
49%
Quels sont les Pokémon possédant le talent Heavy Metal ? Non
47%
Quels sont les Pokémon possédant le talent Acharné ? Oui
45%
Quels sont les Pokémon possédant le talent Heavy Metal ? Oui
45%
Quels sont les Pokémon possédant le talent Matinal ? Oui
43%
Quels sont les Pokémon possédant le talent Heavy Metal ? Non
43%
Quels sont les Pokémon possédant le talent Heavy Metal ? Oui
43%
Quels sont les Pokémon possédant le talent Fouille ? Oui
40%
Quels sont les Pokémon possédant le talent Ignifugé ? Oui
40%
Quels sont les Pokémon possédant le talent Acharné ? Non
36%
Quels sont les Pokémon possédant le talent Intimidation ? Oui
34%
Quel est le Pokémon possédant le talent Cherche Miel ? Non
34%
Quels sont les Pokémon possédant le talent Gloutonnerie ? Oui
34%
Quels sont les Pokémon possédant le talent Fouille ? Oui
32%
Quels sont les Pokémon possédant le talent Acharné ? Non
30%
Quels sont les Pokémon possédant le talent Fouille ? Oui
28%
Quels sont les Pokémon possédant le talent Ignifugé ? Oui
28%
Quels sont les Pokémon possédant le talent Gloutonnerie ? Oui
26%
Quels sont les Pokémon possédant le talent Heavy Metal ? Oui
21%
Quels sont les Pokémon possédant le talent Gloutonnerie ? Oui
17%
Aucun quiz correspondant
Distribution des résultats
% des personnes avec chaque résultat
Percentile par nombre de réponses
Votre historique - résultats
Vous n’avez pas pris ce quiz